00332nam a2200133Ia 4500008004100000041000800041082001500049100001900064245003500083250001400118260002800132300003100160365000700191240624s9999 xx 000 0 und d aeng a332.45 COW aWTSON ALASTAIR aFINANCE OF INTERNATIONAL TRADE a(7th ed.) c2002aDelhibA.I.T.B.S. axvi, : 340 : p. : cm. ; 24 cRS